<?xml version="1.0" encoding="UTF-8"?>
<record
    xmlns:xsi="http://www.w3.org/2001/XMLSchema-instance"
    xsi:schemaLocation="http://www.loc.gov/MARC21/slim http://www.loc.gov/standards/marcxml/schema/MARC21slim.xsd"
    xmlns="http://www.loc.gov/MARC21/slim">

  <leader>01334    a2200205   4500</leader>
  <controlfield tag="003">Nust</controlfield>
  <controlfield tag="005">20230404115104.0</controlfield>
  <datafield tag="010" ind1=" " ind2=" ">
    <subfield code="a">59009339</subfield>
  </datafield>
  <datafield tag="040" ind1=" " ind2=" ">
    <subfield code="c">Nust</subfield>
  </datafield>
  <datafield tag="082" ind1=" " ind2=" ">
    <subfield code="a">629.8323,CHE</subfield>
  </datafield>
  <datafield tag="100" ind1=" " ind2=" ">
    <subfield code="a">Chestnut, Harold</subfield>
    <subfield code="9">44464</subfield>
  </datafield>
  <datafield tag="245" ind1=" " ind2=" ">
    <subfield code="a">Servomechanisms and regulating system design /</subfield>
    <subfield code="c">Harold Chestnut &amp; Robert W. Mayer</subfield>
  </datafield>
  <datafield tag="250" ind1=" " ind2=" ">
    <subfield code="a">2nd ed</subfield>
  </datafield>
  <datafield tag="260" ind1=" " ind2=" ">
    <subfield code="a">Wiley</subfield>
    <subfield code="b">New York</subfield>
    <subfield code="c">1959</subfield>
  </datafield>
  <datafield tag="300" ind1=" " ind2=" ">
    <subfield code="a">xvii, 680 p</subfield>
    <subfield code="b">illus</subfield>
    <subfield code="c">24 cm</subfield>
  </datafield>
  <datafield tag="505" ind1=" " ind2=" ">
    <subfield code="a">The Automatic Control Problems (Page-1), Manipulation Of Complex Numbers (Page-20), Solution Of Linear Differential Equations(Page-33), Laplace Transforms  Of The Solutions (Page-70), Steady-State Operation  (Page-103), Methods Of Determining Systems (Page-128),Typical Control Elements And Their Transfer (Page-179),Types Of Servomechanism And Control Systems (Page-218), Complex Plane Representation Of Feedback (Page-246), Design Use Of Complex Plane (Page-270), Attenuation Concepts For Use In Feedback (Page-316), Application Of Attenuation Phase (Page-352), Application Of Root Locus To Feedback (Page-383), Multiple Loop And Multiple Input Feedback (Page-477), Comparison Of Steady State And Transient (Page-487), Fundamentals Of Analog Computers (Page-540).</subfield>
  </datafield>
  <datafield tag="600" ind1=" " ind2=" ">
    <subfield code="a">Chestnut, Harold</subfield>
    <subfield code="9">44464</subfield>
  </datafield>
  <datafield tag="650" ind1=" " ind2=" ">
    <subfield code="a">Servomechanisms and regulating system design</subfield>
    <subfield code="9">111718</subfield>
  </datafield>
  <datafield tag="942" ind1=" " ind2=" ">
    <subfield code="2">ddc</subfield>
    <subfield code="c">BK</subfield>
  </datafield>
  <datafield tag="999" ind1=" " ind2=" ">
    <subfield code="c">183969</subfield>
    <subfield code="d">183969</subfield>
  </datafield>
  <datafield tag="952" ind1=" " ind2=" ">
    <subfield code="0">0</subfield>
    <subfield code="1">0</subfield>
    <subfield code="2">ddc</subfield>
    <subfield code="4">0</subfield>
    <subfield code="7">0</subfield>
    <subfield code="a">MCS</subfield>
    <subfield code="b">MCS</subfield>
    <subfield code="c">GEN</subfield>
    <subfield code="d">2016-12-12</subfield>
    <subfield code="o">629.8323,CHE</subfield>
    <subfield code="p">MCS6184</subfield>
    <subfield code="r">2016-12-08</subfield>
    <subfield code="w">2016-12-12</subfield>
    <subfield code="y">BK</subfield>
    <subfield code="z">Almirah No.74, Shelf No.7</subfield>
  </datafield>
  <datafield tag="952" ind1=" " ind2=" ">
    <subfield code="0">0</subfield>
    <subfield code="1">0</subfield>
    <subfield code="2">ddc</subfield>
    <subfield code="4">0</subfield>
    <subfield code="7">0</subfield>
    <subfield code="a">MCS</subfield>
    <subfield code="b">MCS</subfield>
    <subfield code="c">GEN</subfield>
    <subfield code="d">2016-12-12</subfield>
    <subfield code="o">629.8323,CHE</subfield>
    <subfield code="p">MCS6243</subfield>
    <subfield code="r">2016-12-08</subfield>
    <subfield code="w">2016-12-12</subfield>
    <subfield code="y">BK</subfield>
    <subfield code="z">Almirah No.74, Shelf No.7</subfield>
  </datafield>
</record>
